00319pab a2200121 454500008004000000100001700040245004900057260000900106300001300115362001000128650002500138773003400163180718b2012 xxu||||| |||| 00| 0 eng d aBasu, Swaraj aGorkhas, Adivasis and others in North Bengal c2012 ap.28-29. a1 Sep aRegional development aEconomic and Political Weekly